02586cam a22003858i 450000100090000000300050000900500170001400800410003101000170007202000300008903500130011904000290013204200080016105000230016908200240019210000340021624500720025026300090032226400560033130000290038733600260041633700280044233800270047050400510049750501690054852009590071765000440167665000320172065000350175277601770178790600450196494200470200995201270205699900170218321892395CSPC20250807145444.0210204s2021 enk b 001 0 eng  a 2021003672 a9781032004488q(hardback) a21892395 aDLCbengerdacDLCdCSPC apcc00aHM851b.P6559 202100a303.4833bP773d2231 aPond, Philip,d1981-eauthor.10aDigital media and the making of network temporality /cPhilip Pond. a2106 1aAbingdon, Oxon ;aNew York, NY :bRoutledge,c2021. aix, 127 pages ;ca22 cm. atextbtxt2rdacontent aunmediatedbn2rdamedia avolumebnc2rdacarrier aIncludes bibliographical references and index.0 aNetwork time theory -- The scientific and the subjective positions -- Systems, interaction and perspective -- Time recoded, time recorded -- Measuring network time. a"This book presents an exciting new theory of time for a world built on hyper-fast digital media networks. Computers have changed the human social experience enormously. We're becoming familiar with many of the macro changes, but we rarely consider the complex, underlying mechanics of how a technology interacts with our social, political and economic worlds. And we cannot explain how the mechanics of a technology are being translated into social influence unless we understand the role of time in that process. Offering an original reconsideration of temporality, Philip Pond explains how super-powerful computers and global webs of connection have remade time through speed. The book introduces key developments in network time theory and explains their importance, before presenting a new model of time which seeks to reconcile the traditionally separate subjective and objective approaches to time theory and measurement"--cProvided by publisher. 0aInformation technologyxSocial aspects. 0aTimexSociological aspects. 0aDigital mediaxSocial aspects.08iOnline version:aPond, Philip, 1981-tDigital media and the making of network temporalitydAbingdon, Oxon ; New York, NY : Routledge, 2021.z9781003174226w(DLC) 2021003673 a7bcbccorignewd1eecipf20gy-gencatlg 2ddccBKe23h303.4833iP773dkCIRm2021n0 00102ddc4070aCSPCbCSPCcCIRd2025-08-07l0oCIR 303.4833 P773d 2021p029866r2025-08-07 14:55:02t1-1w2025-08-07yBK c29938d29938